[Event "Provincial-ch Valencia Segunda"]
[Site "Valencia"]
[Date "2014.09.27"]
[Round "1.3"]
[White "Herrero Garcia, Marcos"]
[Black "Ruiz Agraz, Salvador"]
[Result "1/2-1/2"]
[WhiteElo "1634"]
[BlackElo "1411"]
[PlyCount "163"]
[EventDate "2014.09.27"]
[EventType "swiss"]
[EventRounds "7"]
[EventCountry "ESP"]
[SourceTitle "EXT 2024"]
[Source "ChessBase"]
[SourceDate "2023.10.10"]
[SourceVersion "1"]
[SourceVersionDate "2023.10.10"]
[SourceQuality "1"]

1. d4 d5 2. Nf3 Nf6 3. e3 Bg4 4. Be2 Nbd7 5. h3 Bf5 6. c4 e6 7. Nc3 Nb6 8. c5 Nc8 9. Ne5 Be7 10. Bb5+ Kf8 11. 0-0 a6 12. Ba4 c6 13. Qe2 Na7 14. Bd2 Nb5 15. a3 Nd7 16. f4 h5 17. Nf3 Nxc3 18. Bxc3 Nf6 19. Bc2 Bxc2 20. Qxc2 Ne4 21. Ne5 Bh4 22. f5 exf5 23. Rxf5 Bf6 24. Be1 Qc8 25. Rf3 Bxe5 26. dxe5 Qe6 27. Bc3 Ke7 28. Raf1 Rhf8 29. Qb3 Rab8 30. Ba5 g6 31. Qb6 Qxe5 32. Bc3 Nxc3 33. bxc3 f5 34. Qb4 Qe4 35. Qb6 Kd7 36. Rd1 Qc2 37. Rb1 Qxc3 38. e4 Qd4+ 39. Kh1 Qxe4 40. Qb2 Rf7 41. Rb3 Kc8 42. Qh8+ Kc7 43. Qb2 b5 44. cxb6+ Kb7 45. Rc1 Re7 46. Qc3 d4 47. Qc5 Rc8 48. Rb4 Rd7 49. Ra4 Rd5 50. Qc4 a5 51. Qb3 Qe3 52. Qb2 Rb5 53. Qa1 c5 54. Re1 Qc3 55. Qd1 Qb3 56. Qf3+ Qxf3 57. gxf3 Rc6 58. Rc4 Rb3 59. Kg2 Kxb6 60. Rcc1 Re3 61. Rb1+ Ka7 62. Rxe3 dxe3 63. Kf1 f4 64. Ke2 Rd6 65. Rb5 Rd2+ 66. Ke1 Rc2 67. Rxa5+ Kb7 68. h4 Kb6 69. Ra4 c4 70. Ra8 Kb7 71. Rf8 Rc1+ 72. Ke2 Rc2+ 73. Ke1 Rf2 74. Rxf4 c3 75. Rb4+ Ka6 76. Rc4 c2 77. f4 c1Q+ 78. Rxc1 Rxf4 79. Rc6+ Kb5 80. Rxg6 Rxh4 81. Ke2 Rh3 82. Re6 1/2-1/2